六重内陸市町村 - Statistics

General Stats
  • This quiz has been taken 20 times
  • The average score is 21 of 27
Answer Stats
都道府県 市区町村名 % Correct
日高市
94%
熊谷市
94%
大里郡 寄居町
89%
秩父郡 長瀞町
89%
本庄市
89%
深谷市
89%
栃木県 足利市
89%
群馬県 館林市
89%
埼玉県 加須市
83%
桶川市
83%
狭山市
83%
ふじみ野市
83%
入間郡 越生町
83%
比企郡 小川町
78%
邑楽郡 邑楽町
78%
邑楽郡 板倉町
78%
鴻巣市
72%
北足立郡 伊奈町
72%
比企郡 川島町
72%
比企郡 鳩山町
72%
群馬県 邑楽郡 大泉町
72%
栃木県 下都賀郡 野木町
67%
坂戸市
67%
鶴ヶ島市
67%
比企郡 嵐山町
67%
児玉郡 上里町
67%
入間郡 毛呂山町
61%
No matching quizzes found
Score Distribution
Percent of People with Each Score
Percentile by Number Answered
Your Score History
You have not taken this quiz